MARC details
| 000 -LEADER |
| fixed length control field |
02220cam a2200457 i 4500 |
| 001 - CONTROL NUMBER |
| control field |
14073155 |
| 003 - CONTROL NUMBER IDENTIFIER |
| control field |
EG-ScBUE |
| 005 - DATE AND TIME OF LATEST TRANSACTION |
| control field |
20230710105101.0 |
| 008 - FIXED-LENGTH DATA ELEMENTS--GENERAL INFORMATION |
| fixed length control field |
050812s2006 enka f b 001 0 eng d |
| 020 ## - INTERNATIONAL STANDARD BOOK NUMBER |
| International Standard Book Number |
052161807X (pbk.) |
| 020 ## - INTERNATIONAL STANDARD BOOK NUMBER |
| International Standard Book Number |
9780521618076 |
| 035 ## - SYSTEM CONTROL NUMBER |
| System control number |
(OCoLC)ocm61361511 |
| 040 ## - CATALOGING SOURCE |
| Original cataloging agency |
DLC |
| Language of cataloging |
eng |
| Description conventions |
rda |
| Transcribing agency |
DLC |
| Modifying agency |
BAKER |
| -- |
C#P |
| -- |
DLC |
| -- |
EG-ScBUE |
| 043 ## - GEOGRAPHIC AREA CODE |
| Geographic area code |
n-us--- |
| -- |
f------ |
| -- |
a------ |
| 082 04 - DEWEY DECIMAL CLASSIFICATION NUMBER |
| Classification number |
909.09767 |
| Edition number |
22 |
| Item number |
MAR |
| 100 1# - MAIN ENTRY--PERSONAL NAME |
| Personal name |
Marr, Timothy, |
| Dates associated with a name |
1960- |
| Relator term |
author. |
| 9 (RLIN) |
4106 |
| 245 14 - TITLE STATEMENT |
| Title |
The cultural roots of American Islamicism / |
| Statement of responsibility, etc |
Timothy Marr, University of North Carolina at Chapel Hill. |
| 264 #1 - PUBLICATION, DISTRIBUTION, ETC. (IMPRINT) |
| Place of publication, distribution, etc |
Cambridge : |
| Name of publisher, distributor, etc |
Cambridge University Press, |
| Date of publication, distribution, etc |
2006. |
| 300 ## - PHYSICAL DESCRIPTION |
| Extent |
xii, 309 pages : |
| Other physical details |
illustrations ; |
| Dimensions |
23 cm |
| 336 ## - CONTENT TYPE |
| Source |
rdacontent |
| Content type term |
text |
| Content type code |
txt |
| 337 ## - MEDIA TYPE |
| Source |
rdamedia |
| Media type term |
unmediated |
| Media type code |
n |
| 338 ## - CARRIER TYPE |
| Source |
rdacarrier |
| Carrier type term |
volume |
| Carrier type code |
nc |
| 504 ## - BIBLIOGRAPHY, ETC. NOTE |
| Bibliography, etc |
Includes bibliographical references and index. |
| 650 #7 - SUBJECT ADDED ENTRY--TOPICAL TERM |
| Topical term or geographic name as entry element |
Islam |
| General subdivision |
Public opinion |
| -- |
History. |
| Source of heading or term |
BUEsh |
| 9 (RLIN) |
4107 |
| 650 #7 - SUBJECT ADDED ENTRY--TOPICAL TERM |
| Topical term or geographic name as entry element |
Orientalism |
| Geographic subdivision |
United States |
| General subdivision |
History. |
| Source of heading or term |
BUEsh |
| 9 (RLIN) |
4108 |
| 650 #7 - SUBJECT ADDED ENTRY--TOPICAL TERM |
| Topical term or geographic name as entry element |
Public opinion |
| Geographic subdivision |
United States |
| General subdivision |
History. |
| Source of heading or term |
BUEsh |
| 9 (RLIN) |
4109 |
| 650 #7 - SUBJECT ADDED ENTRY--TOPICAL TERM |
| Topical term or geographic name as entry element |
Islam and politics |
| Geographic subdivision |
United States |
| General subdivision |
History. |
| Source of heading or term |
BUEsh |
| 9 (RLIN) |
4110 |
| 650 #7 - SUBJECT ADDED ENTRY--TOPICAL TERM |
| Topical term or geographic name as entry element |
Religion and sociology |
| Geographic subdivision |
United States |
| General subdivision |
History. |
| Source of heading or term |
BUEsh |
| 9 (RLIN) |
4111 |
| 651 #7 - SUBJECT ADDED ENTRY--GEOGRAPHIC NAME |
| Geographic name |
United States |
| General subdivision |
Civilization |
| Chronological subdivision |
1783-1865. |
| Source of heading or term |
BUEsh |
| 9 (RLIN) |
4112 |
| 651 #7 - SUBJECT ADDED ENTRY--GEOGRAPHIC NAME |
| Geographic name |
Islamic countries |
| General subdivision |
Foreign public opinion, American. |
| Source of heading or term |
BUEsh |
| 9 (RLIN) |
4113 |
| 651 #7 - SUBJECT ADDED ENTRY--GEOGRAPHIC NAME |
| Geographic name |
Islamic countries |
| General subdivision |
Relations |
| Source of heading or term |
BUEsh |
| Geographic subdivision |
United States. |
| 9 (RLIN) |
4114 |
| 651 #7 - SUBJECT ADDED ENTRY--GEOGRAPHIC NAME |
| Geographic name |
United States |
| General subdivision |
Relations |
| Geographic subdivision |
Islamic countries. |
| Source of heading or term |
BUEsh |
| 9 (RLIN) |
4115 |
| 651 #7 - SUBJECT ADDED ENTRY--GEOGRAPHIC NAME |
| Geographic name |
United States |
| General subdivision |
Intellectual life |
| Chronological subdivision |
1783-1865. |
| Source of heading or term |
BUEsh |
| 9 (RLIN) |
4116 |
| 655 ## - INDEX TERM--GENRE/FORM |
| Form subdivision |
Reading book |
| 856 41 - ELECTRONIC LOCATION AND ACCESS |
| Materials specified |
Table of contents |
| Uniform Resource Identifier |
<a href="http://www.loc.gov/catdir/toc/ecip0517/2005022675.html">http://www.loc.gov/catdir/toc/ecip0517/2005022675.html</a> |
| 856 42 - ELECTRONIC LOCATION AND ACCESS |
| Materials specified |
Publisher description |
| Uniform Resource Identifier |
<a href="http://www.loc.gov/catdir/enhancements/fy0633/2005022675-d.html">http://www.loc.gov/catdir/enhancements/fy0633/2005022675-d.html</a> |
| 856 42 - ELECTRONIC LOCATION AND ACCESS |
| Materials specified |
Contributor biographical information |
| Uniform Resource Identifier |
<a href="http://www.loc.gov/catdir/enhancements/fy0733/2005022675-b.html">http://www.loc.gov/catdir/enhancements/fy0733/2005022675-b.html</a> |
| 856 42 - ELECTRONIC LOCATION AND ACCESS |
| Materials specified |
Book review (H-Net) |
| Uniform Resource Identifier |
<a href="http://www.h-net.org/review/hrev-a0f4l0-aa">http://www.h-net.org/review/hrev-a0f4l0-aa</a> |
| 942 ## - ADDED ENTRY ELEMENTS (KOHA) |
| Source of classification or shelving scheme |
Dewey Decimal Classification |
| Koha item type |
Book - Borrowing |